00656nam a2200181Ia 4500001001000000003000500010008004100015010001100056040000900067100002700076245016700103260007400270300001000344440001700354650002500371650004200396700003600438Para_1604CHAP220125s1983 xx 000 0 und d a204535 cCHAP aCepeda Siller, Melchor aNemátodos asociados al cultivo del manzano Pyrus malus L. en el municipio de Arteaga, Coahuila /c por Melchor Cepeda Siller y Ramón Jaime Arguindegui Peña aSaltillo, Coah. :b Universidad Autónoma Agraría "Antonio Narro" a75 h. aBoletín; 5 aManzana x Coahuila  aNemátodos x parásitos de plantas aArguindegui Peña, Ramon Jaime